[Event "Gibraltar Masters 15th"]
[Site "Caleta"]
[Date "2017.02.01"]
[Round "9"]
[White "Topalov, Veselin"]
[Black "Anton Guijarro, David"]
[Result "0-1"]
[WhiteElo "2739"]
[BlackElo "2650"]
[Annotator "Mekhitarian,K"]
[PlyCount "84"]
[EventDate "2017.01.24"]
[EventType "swiss"]
[EventRounds "10"]
[EventCountry "GGB"]
[SourceTitle "CBM 177"]
[Source "ChessBase"]
[SourceDate "2017.03.16"]
[SourceVersion "1"]
[SourceVersionDate "2017.03.16"]
[SourceQuality "1"]

{Playing on the 2nd board in the 9th round and co-leading the tournament,
21-year old David Anton Guijarro from Spain has been the sensation of this
year's Gibraltar Masters. With ambitious and strong play, he has already
beaten the likes of Gelfand and Sutovsky, not to mention draws with Nakamura
and MVL. Now he faces the always dangerous ex-world champion Veselin Topalov.} 
1. e4 e5 2. Nf3 Nc6 3. Bb5 a6 4. Ba4 Nf6 5. O-O Be7 6. Re1 {Topalov goes for
the most principled line, instead of the currently fashionable 6.d3!?, which
leads to quieter positions.} b5 7. Bb3 d6 8. c3 O-O 9. h3 {This position has
been played almost 37.000 times according to my database! Black has a wide
variety of choices in this main Ruy Lopez variation.} Na5 10. Bc2 c5 11. d4 Nd7
$5 {An interesting line, that had been played by David Anton himself three
rounds previously against Sutovsky. White now has two choices: a closed
position with 12.d5 or a very double-edged fight after 12.Nbd2. Naturally,
both Sutovsky and Topalov went for the second option, which always leads to
interesting play.} 12. Nbd2 (12. d5 $5 {is more positional, and was played in
the very first time in a classic Fischer - Keres game, from the amazing
Candidates Tournament in Curacao,1962!} Nb6 13. Nbd2 {is the main move} (13. g4
$6 {The brilliant ex-world champion went for a dubious plan here. White
normally has to be better prepared to use this kind of idea on the kingside 
(normally with Nbd2-f1-g3). It is also clear that Fischer wanted to stop ...f5
hitting his strong central pawn on e4, but on the other hand he allows ...h5!}
h5 $1 14. Nh2 hxg4 15. hxg4 Bg5 {Suddenly Black has easy play exploiting the
weak squares, and still keeps good prospects on the queenside} 16. Nd2 g6 17.
Ndf3 Bxc1 18. Qxc1 Kg7 19. Qg5 {The endgame is no relief for White, but Black
was considering ...Rh8 and then starting some work on the kingside himself.}
Nb7 20. Qxd8 Rxd8 21. a4 bxa4 22. Bxa4 Nxa4 23. Rxa4 Bd7 24. Ra2 c4 25. Nd2 Bb5
26. Nhf1 Rh8 27. Ne3 Rh4 $17 {0-1 (73) Fischer, R-Keres,P Curacao 1962, and
the superb Paul Keres went on to win a nice game.}) 13... g6 14. b4 (14. Nf1 $5
{also looks interesting} f5 15. Bh6 Rf7 16. b3 {with complex play}) 14... Nb7
15. a4 $6 {I don't think White is ready tor this kind of action on the
queenside} (15. Nf1 {1-0 (78) Nakamura,H (2774)-Nisipeanu,L (2659) Medias 2011,
was again possible:}) 15... bxa4 16. Bxa4 Nxa4 17. Qxa4 Bd7 18. Qb3 Qc7 19. Bb2
Rfc8 $15 {0-1 (41) Vedmediuc,S (2456)-Zhigalko,S (2669) Calimanesti Caciulata
2016, and Black achieved a better position.}) 12... exd4 $1 13. cxd4 Nc6 {
This is Black's idea, nearly forcing White to enter a double-edged position
with 14.d5. In the event of 14.Nf1, Black can simplify on d4 and enjoy a good
initiative in exchange for the worse pawn structure.} 14. d5 (14. Nf1 $6 cxd4
15. Nxd4 Nxd4 16. Qxd4 Ne5 {justifying the 11...Nd7 move} 17. Qd1 Bf6 18. Ne3
Be6 $11 {This is a typical position where the piece activity easily
compensates for the weak pawn on d6. Black has easy play, with moves like ...
Rc8, ...Nc4, and ...Qb6. Meanwhile, White has a hard time developing his
queenside, and moves like f4 will create weaknesses.} 19. Bd2 (19. f4 Nc4 $132)
19... Nc4 20. Nxc4 Bxc4 21. Bc3 Bxc3 22. bxc3 Qf6 23. Qd4 Qxd4 24. cxd4 Rfc8
$15 {0-1 (58) Melia,S (2420)-Petrosyan,M (2480) Tbilisi 2016, and Black's
endgame is slightly preferrable, due to his good chances on the queenside.})
14... Nce5 15. a4 (15. Nxe5 Nxe5 16. f4 Ng6 17. Nf3 Bh4 $1 (17... Bb7 $2 {
Now there is no reason to play like in the game, because white gets 18. f5! in
time.} 18. f5 Ne5 19. Nxe5 dxe5 20. b3 $5 $16 {followed by Be3, Rc1, Bd3, and
real pressure against the queenside}) 18. Nxh4 Qxh4 19. f5 (19. Rf1 {allows}
Bxh3 $1 20. gxh3 Qg3+ {forcing a draw}) 19... Ne5 {used to be the main line,
with a complex position, but Black should be fine.}) 15... Bb7 {Looks safer
than ...Rb8.} (15... Rb8 16. Nxe5 Nxe5 17. axb5 axb5 18. f4 Ng6 19. Nf3 Bh4 (
19... f5 $5 {stops the white attack, but may run into an inferior position:}
20. exf5 Bxf5 21. Bxf5 Rxf5 22. g4 Rf8 $5 23. f5 Ne5 24. Bf4 Nf7 25. Re6 $16)
20. Rf1 Bg3 21. f5 Ne5 22. Ng5 h6 $1 {is the only line surviving so far, but
it also looks dodgy} (22... Bh4 $2 {Svidler goes into a refuted line} 23. f6 $1
$18 {and White is winning!} h6 (23... g6 24. Qd2 {threatenig Nxh7} h6 25. Nh7
$1 $18 {1-0 (29) Kilpatrick,C (2052)-Wallis,I Southend 2006}) 24. Qh5 gxf6 25.
Nh7 Kxh7 26. Qxh4 {1-0 (26) Inarkiev,E (2732)-Svidler,P (2745) Germany 2016}) (
22... Nd7 23. Nxh7 $5 Kxh7 24. f6 g6 {and now both 25.e5!? and 25.Qg4 look
promising, and only the super computers will tell if White's attack is enough
for a win} 25. Qg4 $5 $40 (25. e5 $5 $40)) 23. f6 $1 gxf6 $5 (23... g6 24. Nf3
Qxf6 25. Bxh6 $36) 24. Nf3 Kg7 $13 {and somehow, Black's position is not
collapsing.}) 16. Qe2 (16. Nxe5 $5 Nxe5 17. f4 Ng6 18. Nf3 Bf6 {was seen in
David's game against Sutovsky} (18... Bh4 $2 {now this wouldn't make too much
sense with the bishop on b7} 19. Nxh4 Qxh4 20. Rf1 $5 (20. Ra3 $5 {making use
of the a4 move} Nxf4 $2 21. g3 $1 Nxh3+ 22. Kh2 $18 {and White wins})) (18...
Re8 $5) 19. g3 (19. e5 $5 Be7 20. Be4 f5 21. exf6 Bxf6 $13 {with another
unclear position}) 19... Qd7 20. Kg2 Rfe8 21. Ra3 {Generally speaking, this
looks promising for Black, since White's pawn majority is not advancing for
now and Black has good prospects on the queenside} Bd8 $5 (21... b4 $5 22. Rae3
c4 $13 {was very complex}) 22. h4 Nf8 23. h5 h6 24. f5 $2 {weakening too many
squares} Bf6 25. Nh2 Nh7 $1 26. Ng4 Bd4 27. axb5 axb5 28. Rxa8 Rxa8 29. b4 Ra2
30. bxc5 dxc5 31. Be3 Bxe3 32. Nxe3 Nf6 $17 {0-1 (56) Sutovsky,E (2628)-Anton
Guijarro,D (2650) Tradewise Gibraltar Masters 2017, Now White is clearly in
trouble, with the worse king and difficulty in advancing his pawns, while
Black can organise an attack and also think about advancing his own queenside.}
) 16... Rb8 17. Nxe5 Nxe5 18. axb5 (18. Nf1 {was played in December} Bf6 19.
Ne3 c4 $6 {probably a slight innacuracy to start pushing the pawns without ...
Re8 or ...Bc8} 20. axb5 axb5 21. Bd2 $14 {0-1 (41) Hansen,M (2452)-Wagner,D 
(2548) Vandoeuvre 2016, looks slightly better for White now, with the c3- and
d4-squares available for the pieces.}) 18... axb5 19. Nf1 Re8 20. Ne3 Bf6 21.
Bd2 Bc8 $1 {Bringing the bishop back into play, Black achieves a fully
consistent position, and keeps great prospects on the queenside, which is
basically one of the key ideas in this variation - control White's central and
kingside expansion and start advancing the b- and c-pawns at some point. Don't
get me wrong, I don't think Black is better here, but nowadays it is not easy
to achieve such a promising and interesting position as Black without running
into real dangers.} 22. Ba5 (22. f4 $6 Ng6 $17 {always looks good for Black,
since all his pieces are well prepared to meet this advance.}) 22... Qe7 23.
Bc3 $6 (23. Qf1 $5 {trying to prepare something like f4 followed by Nf5} b4 {
locks the bishop in on a5, but hands over the initiative to White} (23... Ng6
24. Nf5 Qd7 25. Ra2 $13 {with a weird position}) 24. f4 Ng6 25. e5 $5 dxe5 26.
f5 Nf4 27. g3 $13) 23... Ng6 $1 {Making a very good piece exchange, Black
doesn't need to worry about f4 anymore.} 24. Qf3 (24. Bxf6 Qxf6 $15 {would be
equally good for Black, threatening the b2-pawn and moves like ...Nf4.}) 24...
Bxc3 25. bxc3 Qg5 26. Kh2 h5 $1 27. Ra7 Re7 28. Rxe7 Nxe7 29. Ra1 (29. Nf5 $5 {
is a very counter-intuitive move pointed out by the computer. Normally it
could be a positional mistake, but here if Black plays ...Bxf5, then the
knight on e7 has a hard time to find a good square} Bxf5 30. exf5 $13) 29...
Ng6 30. Qg3 Qf6 $1 {Black aims to explore the c3 weakness, and exchange queens
only after White makes further concessions.} 31. Nf5 $2 {A mistake, as pointed
out by David in the post-mortem, and also by Topalov himself, according to him.
Not only because it may be the decisive mistake, but Black has very easy play
from now on.} (31. Nd1 {would be a very sad move to make} h4 32. Qe3 Bd7 $17 {
Black has a very confortable advantage, but for now White keeps control of the
only open file, and there is play.}) 31... Bxf5 32. exf5 Ne5 33. Rb1 h4 34. Qf4
g5 $1 35. Qe3 Nc4 36. Qc1 Kg7 37. Bd3 (37. Kh1 $5 {could have been better
maybe, but the position is already difficult.}) 37... Ne5 38. Be4 g4 $1 39.
hxg4 Nxg4+ 40. Kg1 Qh6 $1 {Forcing a horrible endgame for White, because if
the queen moves, then ...Qf4! is deadly.} 41. Qxh6+ (41. Qe1 Qf4 42. g3 hxg3
43. fxg3 Qg5 $19 {and the white king is in trouble with all the black pieces
joining the attack.}) 41... Kxh6 42. Kf1 Kg5 {A slightly surprising
resignation from Topalov, but the position is already hopeless, Black will
simply play ...Nf6, probably grab two pawns and start marching with his
queenside at some point. A superb win from David Anton, the man of the hour,
going into the last round as the sole leader of the 2017 Gibraltar Masters! In
the last round, he faces the experienced super-GM Michael Adams.} 0-1

[Event "Sofia MTel Masters 3rd"]
[Site "Sofia"]
[Date "2007.05.18"]
[Round "8"]
[White "Nisipeanu, Liviu Dieter"]
[Black "Adams, Michael"]
[Result "1-0"]
[WhiteElo "2693"]
[BlackElo "2734"]
[Annotator "Nisipeanu,LD"]
[PlyCount "105"]
[EventDate "2007.05.10"]
[EventType "tourn"]
[EventRounds "10"]
[EventCountry "BUL"]
[EventCategory "19"]
[SourceTitle "CBM 118"]
[Source "ChessBase"]
[SourceDate "2007.05.31"]
[SourceVersion "1"]
[SourceVersionDate "2007.05.31"]
[SourceQuality "1"]

{At this moment in the tournament I was on -1 and this was probably my last
chance to get back into the fight for the first place.  In diesem Moment war
ich in dem Turnier auf -1 und dies war wahrscheinlich meine letzte Chance,
wieder in den Kampf um den ersten Platz einzusteigen.} 1. e4 e5 2. Nf3 Nc6 3.
Bb5 a6 4. Ba4 Nf6 5. O-O Be7 6. Re1 b5 7. Bb3 d6 {This was a surprise for me,
as Michael usually plays the 'Marshall threat' move order. Well, in my games
till now it didn't really matter, because I had been playing c3 and d4 without
h3 anyway.  Dies war eine Überraschung für mich, denn Michael spielte
gewöhnlich die 'Marshall-Droh'-Zugfolge. Nun, in meinen Partien bislang
spielte dies nicht wirklich eine Rolle, da ich sowieso c3 und d4 ohne h3
gespielt hatte.} 8. c3 O-O 9. h3 Na5 10. Bc2 c5 11. d4 Nd7 {Yet another
surprise for me, because as strange as it may seem, I had never had this
position in a serious game.  Wieder eine Überraschung für mich, denn so
seltsam es auch scheinen mag, diese Stellung hatte ich noch nie in einer
ernsten Partie gesehen.} 12. Kh1 ({You cannot really enter the sharp line Auf
das scharfe Abspiel} 12. Nbd2 exd4 13. cxd4 Nc6 14. d5 Nce5 15. Nxe5 Nxe5 16.
f4 Ng6 {without good home preparation. kann man sich ohne gute
Heimvorbereitung nicht wirklich einlassen.}) 12... Re8 13. d5 {I was aware
that Bologan had had this line with White in some games, but I couldn't
remember any moves. Fortunately, in this type of position you need to know
plans and principles, rather than forced variations of any kind. Ich war mir
bewusst, dass Bologan dieses Abspiel in einigen Partien mit Weiß gehabt hatte,
konnte mich aber an keinerlei Züge erinnern. Zum Glück muss man in diesem
Stellungstyp eher Pläne und Prinzipien kennen als forcierte Varianten
irgendwelcher Art.} Nb6 14. b3 ({To me Mir scheint} 14. Nbd2 Bd7 15. Nf1 b4 {
seems to give Black more counterplay than the game continuation, although I
admit that it is a matter of taste. Schwarz mehr Gegenspiel zu geben als die
Partiefortsetzung, aber ich gebe zu, das ist eine Geschmackssache.}) 14... Bd7
15. Be3 Qc7 16. g4 $1 {White has to stop f7-f5 once and for all. Besides that
this move also justifies the position of the white king on h1. Weiß muss ein
für allemal f7-f5 unterbinden. Außerdem rechtfertigt dieser Zug auch die
Stellung des weißen Königs auf h1.} (16. Nbd2 $6 f5 $1 17. exf5 Nxd5 {is not a
dream position for White. ist keine Traumstellung für Weiß.}) 16... c4 17. b4
Nb7 18. Nbd2 a5 19. a3 Ra6 20. Nf1 Rea8 21. Bc1 $1 $14 {The only way to stop
Black's counterplay on the queenside. Der einzige Weg, das schwarze Gegenspiel
am Damenflügel zu stoppen.} (21. Rc1 axb4 22. axb4 Ra3 {gives Black a
comfortable position. gibt Schwarz eine bequeme Stellung.}) 21... Nd8 {This
knight has no bright future on the queenside, so it makes sense to bring it to
the kingside.  Diesem Springer winkte keine helle Zukunt am Damenflügel, daher
ist es sinnvoll, ihn zum Königsflügel zu bringen.} 22. Ne3 axb4 23. cxb4 f6 24.
Nf5 $1 {This move causes some coordination problems in Black's camp. Dieser
Zug verursache einige Koordinationsprobleme im schwarzen Lager.} Bc8 $1 (24...
Bf8 25. g5 {seems very dangerous for Black, for example sieht sehr gefährlich
für Schwarz aus, zum Beispiel} g6 26. gxf6 $1 gxf5 27. Rg1+ Kh8 28. Nh4 (28.
Ng5 $2 Be8 29. exf5 Nxd5 $1 $19) 28... Be8 29. exf5 Nd7 30. Bg5 {followed by
Bg4 with a decisive attack. nebst Bg4 mit entscheidendem Angriff.}) 25. Rg1 (
25. Nxe7+ Qxe7 26. Nh4 {was also interesting, but I have learned that you
shouldn't exchange pieces when you have a space advantage. war ebenfalls
interessant, aber ich habe gelernt, dass man keine Figuren tauschen soll, wenn
man Raumvorteil hat.}) 25... Nf7 26. h4 Bd8 27. Rg3 {It is obvious that
Black's main counterplay idea is c3 followed by Nc4-b2 and the move made by me
was designed to discourage this plan. Es ist offensichtlich, dass die
hauptsächliche schwarze Gegenspielidee in c3 nebst Nc4-b2 besteht, und der von
mir gemachte Zug sollte diesen Plan entkräften.} Kh8 28. g5 {With the black
king on h8, it makes sense to make h7 the main target for White's attack. Mit
dem schwarzen König auf h8 ist es sinnvoll, h7 zum Hauptziel für den weißen
Angriff zu machen.} g6 29. Ne3 fxg5 30. hxg5 Kg8 31. Kg2 $16 {White has
achieved a very promising position, but around here I began to experience time
trouble problems and wanted to reach move 40 without changing the character of
the position. Weiß hat eine sehr aussichtsreiche Stellung erlangt, aber hier
etwa begann ich Zeitnotprobleme zu bekommen und wollte den 40. Zug erreichen,
ohne den Charakter der Stellung zu verändern.} Na4 32. Qe1 $6 {I don't like
this move at all, but it does bring me closer to the 40th move checkpoint.
Dieser Zug gefällt mir überhaupt nicht, aber er bringt mich näher an die
40-Züge-Marke.} (32. Qh1 {immediately, was more to the point. sofort traf es
eher.}) 32... Bd7 33. Qh1 Qc8 34. Qh2 Nc3 $1 {Quite strange, I had missed the
e2 square completely. Luckily there is still one piece which can prevent the
knight from reaching e2.  Seltsamerweise hatte ich das Feld e2 komplett
übersehen. Zum Glück gibt es noch eine Figur, die den Springer daran hindern
kann, dies zu erreichen.} 35. Kf1 $1 Be7 (35... Bb6 36. Nh4 Bd4 {was a better
try in my timetrouble, alltough after war ein besserer Versuch in meiner
Zeitnot, wenngleich Weiß nach} 37. Nhf5 $1 Bxf5 38. exf5 {White has a
dangerous initiative. eine gefährliche Initiative hat.}) 36. Bb2 Na4 37. Bc1
Bf8 ({After Nach} 37... Nc3 {I was planing to continue with wollte ich
fortsetzen mit} 38. Rg1 {followed by Rh1 with a clear advantage. nebst Rh1 und
klarem Vorteil.}) 38. Qh4 Be7 39. Qh2 Bf8 40. Qh4 {Finally, I reached the time
control and could now search for the decisive blow. Endlich hatte ich die
Zeitkontrolle geschafft und konnte nun nach dem entscheidenden Schlag suchen.}
Be7 41. Nf5 $1 Qf8 (41... gxf5 $2 42. Qh5 {is crushing ist vernichtend.}) 42.
Nh2 (42. Qh2 $1 {was suggested by Michael immediately after the game and
indeed this seems to be decisive, for example wurde sofort nach der Partie von
Michael vorgeschlagen, und dies scheint tatsächlich entscheidend zu sein, zum
Beispiel} Nb6 (42... R8a7 43. Be3 Nb6 44. Kg2 $18) 43. Rh3 h5 44. N3h4 $1 Nh8
45. Nxg6 Nxg6 46. Rxh5 $18) 42... h6 $2 (42... h5 $8 43. Nxe7+ Qxe7 44. Rf3 Rf8
45. Rf6 Kg7 (45... Nh8 46. f4 $16) 46. Kg2 {followed by f4 is much better for
White, but Black is still fighting. nebst f4 ist klar besser für Weiß, aber
Schwarz kämpft noch.}) 43. Ng4 hxg5 44. Bxg5 $1 $18 {Now the attack plays
itself. Nun spielt sich der Angriff von selbst.} Nxg5 (44... Bxg5 45. Nf6+ Bxf6
46. Rxg6+ Bg7 47. Ne7+ Qxe7 48. Qxe7 $18) 45. Ngh6+ Kh7 46. Nf7+ Kg8 47. N7h6+
{I have read on the internet that some people thought that this repetition was
meant to insult my opponent. Besides the fact that I respect Michael Adams a
lot, one must understand that towards the end of such a strong tournament I
was feeling tired and was already short on time again. Also, I didn't have a
computer program to show me that the position is completely winning. Ich habe
im Internet gelesen, dass manche Leute dachten, dass diese Wiederholung meinen
Gegner beleidigen sollte. Abgesehen von der Tatsache, dass ich hohen Respekt
vor Michael Adams habe, muss man verstehen, dass ich am Ende eines so starken
Turniers müde und bereits wieder knapp an Zeit war. Außerdem hatte ich auch
kein Computerprogramm, das mir zeigen konnte, dass die Stellung komplett
gewonnen ist.} Kh7 48. Nf7+ Kg8 49. Nxg5 Bxg5 50. Rxg5 (50. Qxg5 {was shorter
war kürzer.}) 50... Be8 51. Kg2 R8a7 52. Rh1 Qf6 53. Nh6+ {And finally, I
would like to thank the organisers and sponsors of the MTel Masters 2007 for
giving me a chance to compete with the best players in the world in a
perfectly organised tournament. For this game I proudly received the 'Best
Game' prize from Bulstrad Life Insurance, one of the sponsors of the
tournament. Und am Ende möchte ich den Veranstaltern und Sponsoren des MTel
Masters 2007 danken für die Chance, mich mit den besten Spielern der Welt in
einem perfekt organisierten Turnier messen zu dürfen. Für diese Partie erhielt
ich stolz den Schönheitspreis von Bulstrad Life Insurance, einem der Sponsoren
des Turniers.} 1-0